Countries Ending in 'L' Quiz Stats

 Plays Quiz Updated Dec 4, 2014

Score 0/5 Timer 02:00
7 Plays Today
% Correct
Nepal
72%
Portugal
66.7%
Senegal
65.8%
Brazil
60%
Israel
51.5%

You're not logged in!

Compare scores with friends on all Sporcle quizzes.
OR
Log In

Sporcle TV

Today on Sporcle TV


Watch our educational content, quiz creation guides, and fun videos on Sporcle TV.

Show Comments

Extras

Top Quizzes Today


Score Distribution

Your Account Isn't Verified!

In order to create a playlist on Sporcle, you need to verify the email address you used during registration. Go to your Sporcle Settings to finish the process.

Report this User

Report this user for behavior that violates our Community Guidelines.

Details: